KATSEYE - Paroles I'm Pretty - Statistiques

Statistiques générales
  • Ce quiz a été pris 11 fois
  • Le résultat moyen est 199 sur 306
Statistiques - réponses
Hint Réponse % Correct
I
100%
I'm
100%
(I'm
100%
pretty
100%
(Pretty)
100%
Pretty
100%
Pretty,
100%
(Pretty
100%
pretty)
100%
a
89%
(Ah
89%
no
78%
not
78%
oh),
78%
Pré-refrain Ooh,
78%
(Ooh)
78%
the
78%
yeah
78%
Refrain Yeah,
78%
always
67%
breathing
67%
But,
67%
could
67%
do
67%
done
67%
from
67%
healin'
67%
healin')
67%
it
67%
me
67%
mm
67%
my
67%
My
67%
still
67%
sure
67%
that
67%
Couplet 2 They
67%
they
67%
to
67%
too
67%
and
56%
commotion
56%
dry
56%
far
56%
feeling
56%
going
56%
healing
56%
hurt
56%
hurt,
56%
in
56%
it's
56%
Just
56%
just
56%
keep
56%
know
56%
make
56%
much
56%
myself
56%
Intro | Post-refrain Na
56%
na,
56%
na
56%
never
56%
off
56%
old
56%
on
56%
one,
56%
tears
56%
then
56%
think
56%
this
56%
told
56%
up,
56%
up
56%
when
56%
afraid
44%
back
44%
brush
44%
cover
44%
emotions
44%
face,
44%
face
44%
front
44%
Couplet 1 Heartbreak,
44%
hold
44%
I'll
44%
lose
44%
makeup,
44%
meet
44%
move
44%
New
44%
new
44%
put
44%
Put
44%
show
44%
someone,
44%
song
44%
square
44%
things
44%
Try
44%
turns
44%
wants
44%
what
44%
with
44%
away,
33%
beauty,
33%
Chip
33%
does
33%
find
33%
pain
33%
conceal
22%
Cycle
22%
flowing
22%
start
22%
You'd
22%
Aucun quiz correspondant
Distribution des résultats
% des personnes avec chaque résultat
Percentile par nombre de réponses
Votre historique - résultats
Vous n’avez pas pris ce quiz